| 000 | 00473nam a22001577a 4500 | ||
|---|---|---|---|
| 003 | macl | ||
| 005 | 20240605154718.0 | ||
| 008 | 240605b |||||||| |||| 00| 0 eng d | ||
| 040 | _cMACL | ||
| 082 | _a891.433/VER/N | ||
| 100 |
_aनिर्मल वर्मा _949844 |
||
| 245 | _aअन्तिम अरण्य | ||
| 260 |
_aदिल्ली _bभारतीय ज्ञानपीठ _c2010 |
||
| 650 | _aउपन्यास | ||
| 942 |
_2ddc _cHIN |
||
| 999 |
_c66923 _d66923 |
||